Arc le plus long par manga - Statistiques

Statistiques générales
  • Ce quiz a été pris 46 fois
  • Le résultat moyen est 3 sur 35
Statistiques - réponses
Anime Arc le plus long % Correct
One Piece Wano Kuni
54%
Hunter X Hunter Fourmis-Chimères
51%
Dragon Ball Super Survie de l'Univers
33%
Vinland Saga Guerre
31%
Jojo's Bizarre Adventure (partie) Stardust Crusaders
28%
Naruto Examen chunin
26%
Berserk Age d'or
21%
Bleach Arrancars
21%
Naruto Shippuden Premiers combats de la 4e grande guerre ninja
21%
Demon Slayer Quartier des plaisirs
8%
Kuroko's Basket Winter Cup
8%
Boruto Kawaki
5%
Tokyo Ghoul Bataille de l'arbre Aogiri
3%
Yu-Gi-Oh! Bataille Ville
3%
Jujutsu Kaisen Incident de Shibuya
3%
Black Clover Réincarnation des elfes
3%
(L')Attaque des Titans Titan Féminin
3%
Dragon Ball 22ème Tenkaichi Budokai
0%
Gintama Ame d'argent
0%
Fairy Tail Arbaless
0%
Détective Conan Bourbon et Akai
0%
Spy X Family Cruise Adventure
0%
Shaman King Deuxième round du combat de Shaman
0%
Mob Psycho 100 Domination du monde
0%
Food Wars Examens de promotion
0%
Dragon Ball Z Freezer contre Son Goku
0%
One Punch Man Garoh
0%
My Hero Academia Huit Préceptes
0%
Fullmetal Alchemist Jour Promis
0%
Pokémon Ligue Indigo
0%
Haikyu! Nationals de Tokyo
0%
Seven Deadly Sins Nouvelle Guerre Sainte
0%
Sword Art Online Phantom Bullet
0%
Blue Exorcist Roi Impur de Kyoto
0%
Tokyo Revengers Tenjiku
0%
Aucun quiz correspondant
Distribution des résultats
% des personnes avec chaque résultat
Percentile par nombre de réponses
Votre historique - résultats
Vous n’avez pas pris ce quiz